[Event "URS-FL56"]
[Site "Simferopol"]
[Date "1988.??.??"]
[Round "?"]
[White "Yermolinsky, Alex"]
[Black "Lerner, Konstantin Z"]
[Result "1/2-1/2"]
[WhiteElo "2460"]
[BlackElo "2530"]

1.d4 Nf6 2.c4 e6 3.Nc3 d5 4.Bg5 Be7 5.e3 O-O 6.Nf3 h6 7.Bxf6 Bxf6 8.Rc1 c6
9.Bd3 Nd7 10.O-O dxc4 11.Bxc4 e5 12.Bb3 exd4 13.exd4 Nb6 14.Ne5 Bxe5 15.dxe5 Qxd1
16.Rfxd1  1/2-1/2

[Event "URS-FL56"]
[Site "Simferopol"]
[Date "1988.??.??"]
[Round "?"]
[White "Ulibin, Mikhail"]
[Black "Yermolinsky, Alex"]
[Result "1-0"]
[WhiteElo "2390"]
[BlackElo "2460"]

1.e4 c5 2.Nf3 d6 3.d4 cxd4 4.Nxd4 Nf6 5.Nc3 Nc6 6.Bc4 e6 7.Be3 Be7 8.Qe2 O-O
9.O-O-O Qc7 10.Bb3 a6 11.Rhg1 Nd7 12.g4 Nc5 13.Nf5 Nxb3+ 14.axb3 b5 15.Nxe7+ Nxe7
16.Qd3 b4 17.Na4 d5 18.Bc5 dxe4 19.Qg3 e5 20.Bd6 Qa7 21.Qxe5 Be6 22.Nc5  1-0

[Event "URS-FL56"]
[Site "Simferopol"]
[Date "1988.??.??"]
[Round "?"]
[White "Kovalev, Andrei"]
[Black "Yermolinsky, Alex"]
[Result "1-0"]
[WhiteElo "2440"]
[BlackElo "2460"]

1.e4 e6 2.d4 d5 3.Nc3 Bb4 4.a3 Bxc3+ 5.bxc3 Ne7 6.Bd3 c5 7.exd5 Nxd5 8.Qg4 g6
9.Nf3 O-O 10.Bg5 Qc7 11.c4 e5 12.Qg3 Nf4 13.dxe5 Qa5+ 14.Nd2 Nxd3+ 15.cxd3 Nc6
16.O-O Nd4 17.Rae1 Bf5 18.Ne4 Bxe4 19.dxe4 Rfe8 20.Bf6 Qd2 21.Qh4 h5 22.Re3 b5
23.g4 Kh7 24.Kh1 bxc4 25.Rg1 c3 26.gxh5 g5 27.Qxg5 Rg8 28.Bg7  1-0

[Event "Arco op"]
[Site "Arco di Trento"]
[Date "1989.??.??"]
[Round "1"]
[White "Guido, Flavio"]
[Black "Yermolinsky, Alex"]
[Result "0-1"]
[WhiteElo "2330"]
[BlackElo "2480"]

1.e4 c5 2.c3 d6 3.d4 Nf6 4.f3 Nbd7 5.Be3 g6 6.Bd3 Bg7 7.Ne2 O-O 8.O-O e5
9.d5 Ne8 10.g4 Bf6 11.Qd2 Ng7 12.c4 Bh4 13.Bh6 Kh8 14.Nbc3 Nf6 15.Bg5 Bxg5
16.Qxg5 Qe7 17.f4 exf4 18.Rxf4 Nxd5 19.Qxe7 Nxe7 20.Bc2 Be6 21.Rd1 Rad8 22.b3 g5
23.Rf6 Ne8 24.Rh6 Bxg4 25.e5 Ng6 26.h3 Bxe2 27.Nxe2 Ng7 28.exd6 Ne6 29.d7 Kg7
30.Rh5 h6 31.Rd6 Rh8 32.Ng3 Nd4 33.Be4 b6 34.h4 Nxh4 35.Kh2 Ne6 36.Kh3 Kf6
37.Rxh4 gxh4 38.Kxh4 Rhg8 39.Rd5 Rg5  0-1

[Event "Arco op"]
[Site "Arco di Trento"]
[Date "1989.??.??"]
[Round "2"]
[White "Yermolinsky, Alex"]
[Black "Patzl, Karl"]
[Result "1-0"]
[WhiteElo "2480"]
[BlackElo "2205"]

1.d4 d5 2.c4 e6 3.Nc3 c6 4.e4 Bb4 5.Bd3 dxe4 6.Bxe4 Nf6 7.Bc2 c5 8.Nf3 cxd4
9.Nxd4 Nc6 10.Nxc6 Qxd1+ 11.Kxd1 bxc6 12.Na4 Ke7 13.Ke2 Bb7 14.Be3 Nd7 15.Rhd1 h6
16.a3 Bd6 17.Rd2 Rhd8 18.Rad1 Bc7 19.Be4 Bb6 20.Rxd7+ Rxd7 21.Rxd7+ Kxd7
22.Bxb6 axb6 23.Nxb6+ Kd6 24.Nxa8 Bxa8 25.f4 Kc5 26.Kd3 Bb7 27.b4+ Kb6 28.a4 Bc8
29.a5+  1-0

[Event "Arco op"]
[Site "Arco di Trento"]
[Date "1989.??.??"]
[Round "4"]
[White "Yermolinsky, Alex"]
[Black "Jurkovic, Ante"]
[Result "1-0"]
[WhiteElo "2480"]
[BlackElo "2375"]

1.d4 Nf6 2.Nf3 g6 3.c4 Bg7 4.Nc3 O-O 5.e4 c5 6.Be2 cxd4 7.Nxd4 Nc6 8.Be3 d6
9.O-O Re8 10.Rb1 Bd7 11.f3 Nxd4 12.Bxd4 Bc6 13.b4 b6 14.Qd2 Rc8 15.Rfd1 Rc7
16.Qb2 Nh5 17.Bxg7 Nxg7 18.Bf1 Nh5 19.Rbc1 Rd7 20.Rd2 e6 21.Rcd1 Qe7 22.Qa3 Red8
23.g3 f5 24.Bh3 Nf6 25.Ne2 Rc7 26.e5 Ne8 27.b5 Bb7 28.exd6 Nxd6 29.Rxd6 Rcd7
30.c5 bxc5 31.Rxd7 Rxd7 32.Rxd7 Qxd7 33.Qe3 Qxb5 34.Qxe6+ Kg7 35.Bf1 Bxf3
36.Qe7+  1-0

[Event "Arco op"]
[Site "Arco di Trento"]
[Date "1989.??.??"]
[Round "9"]
[White "De Eccher, Stefano"]
[Black "Yermolinsky, Alex"]
[Result "0-1"]
[WhiteElo "2270"]
[BlackElo "2480"]

1.c4 c5 2.Nc3 g6 3.g3 Bg7 4.Bg2 Nc6 5.d3 e6 6.e4 Nge7 7.Nge2 d6 8.O-O O-O
9.Be3 Nd4 10.Rb1 Nec6 11.a3 a5 12.f4 Rb8 13.Nb5 Nxb5 14.cxb5 Ne7 15.d4 b6
16.dxc5 bxc5 17.Nc3 Qc7 18.Qa4 Bb7 19.Rfd1 Nc8 20.Qc2 Nb6 21.Na4 Nxa4 22.Qxa4 Rfd8
23.Qc4 Qe7 24.Bf2 Rbc8 25.Rd2 f5 26.exf5 Bxg2 27.Kxg2 d5 28.Qe2 gxf5 29.Re1 Rd6
30.Qf3 Qd7 31.a4 d4 32.b3 Rd5 33.Rde2 d3 34.Rxe6 d2 35.Re7 dxe1=N+  0-1

[Event "Caorle op"]
[Site "Caorle"]
[Date "1989.??.??"]
[Round "1"]
[White "Cardinali, Marco"]
[Black "Yermolinsky, Alex"]
[Result "0-1"]
[WhiteElo "2020"]
[BlackElo "2480"]

1.d4 Nf6 2.Nf3 c5 3.c4 cxd4 4.Nxd4 b6 5.Nc3 Bb7 6.e3 g6 7.b3 Bg7 8.Bb2 O-O
9.h4 Nc6 10.Nd5 Nxd5 11.cxd5 Nb4 12.e4 Rc8 13.Bd3 e6 14.d6 Rc5 15.Bb1 f5
16.Qd2 fxe4 17.Qxb4 e3 18.f3 Rf4 19.g3 a5 20.Qa4 Rxd4  0-1

[Event "Caorle op"]
[Site "Caorle"]
[Date "1989.??.??"]
[Round "2"]
[White "Yermolinsky, Alex"]
[Black "Sinadinovic, Andjelko"]
[Result "1-0"]
[WhiteElo "2480"]
[BlackElo "2000"]

1.d4 Nf6 2.c4 e6 3.Nc3 d5 4.cxd5 exd5 5.Bg5 Be7 6.e3 c6 7.Qc2 Nbd7 8.Bd3 O-O
9.Nf3 Re8 10.O-O g6 11.h3 Nh5 12.Bxe7 Qxe7 13.Rab1 Ndf6 14.b4 Ng7 15.b5 c5
16.dxc5 Qxc5 17.Nd4 Bd7 18.Rfc1 Rac8 19.Qb2 Qd6 20.Nce2 Qb6 21.Nf4 Qd6 22.a4 g5
23.Nfe2 Nfh5 24.a5 g4 25.hxg4 Bxg4 26.b6 a6 27.Rxc8 Rxc8 28.Rc1 Rxc1+ 29.Qxc1 Nf6
30.Qc3 Bd7 31.Nf4 Ne4 32.Qc2 Nf6 33.Qc3 Ne4 34.Bxe4 dxe4 35.Qc7 Qxc7 36.bxc7 Ne8
37.Nd5 Kf8 38.Nb6 Ke7 39.c8=Q Bxc8 40.Nxc8+ Kd7 41.Nb6+ Kd6 42.Na4 Kd5 43.Nc3+ Kc4
44.Nxe4 Kb4 45.Ng5 Nd6 46.e4 f6 47.Nxh7 Nxe4 48.f3 Nd6 49.Nxf6 Kxa5 50.g4 Nf7
51.Nd5 b5 52.f4 b4 53.g5 Ka4 54.g6 Nh6 55.f5 b3 56.f6 b2 57.Nc3+ Kb4 58.Nb1  1-0

[Event "Caorle op"]
[Site "Caorle"]
[Date "1989.??.??"]
[Round "3"]
[White "Becx, Cesar"]
[Black "Yermolinsky, Alex"]
[Result "1-0"]
[WhiteElo "2315"]
[BlackElo "2480"]

1.f4 d5 2.Nf3 g6 3.g3 Bg7 4.Bg2 Nh6 5.d3 d4 6.Na3 O-O 7.e4 dxe3 8.Nc4 Nc6
9.Nxe3 Nf5 10.c3 e5 11.fxe5 Nxe5 12.Nxe5 Bxe5 13.Nxf5 Bxf5 14.d4 Bg7 15.O-O c6
16.Qb3 Qd7 17.Be3 Rfe8 18.Rfe1 Be4 19.Bxe4 Rxe4 20.Bf2 Rae8 21.Rxe4 Rxe4
22.Re1 Rxe1+ 23.Bxe1 g5 24.Bf2 b5 25.Qa3 Bf8 26.Qa5 f5 27.a4 bxa4 28.Qxa4 f4
29.Qc4+ Qd5 30.Qxd5+ cxd5 31.gxf4 gxf4 32.Kg2 Kf7 33.Kf3 Kg6 34.h3 Kf5 35.Be1 Be7
36.Bd2 Bd6 37.b3 Bc7 38.c4 dxc4 39.bxc4 a5 40.c5 a4 41.Bb4 Bd8 42.Ba3 Ba5
43.d5 Ke5 44.d6 Kd5 45.Kxf4 Bd8 46.Kg4 Bf6 47.Kh5 Bg7 48.Kg5 Kc6 49.h4 Kd7
50.Kf5 Bc3 51.Kg5 Bg7 52.h5 Kc6 53.Kf5 Bh6 54.Kf6 Kd7 55.Kf7 Bg5 56.Kg7 h6
57.Kf7 Bf4 58.Kf6 Bd2 59.Ke5 Kc6 60.Ke6 Bg5 61.d7 Kc7 62.c6  1-0

[Event "Caorle op"]
[Site "Caorle"]
[Date "1989.??.??"]
[Round "4"]
[White "Kostic, Nebojsa"]
[Black "Yermolinsky, Alex"]
[Result "0-1"]
[WhiteElo "2230"]
[BlackElo "2480"]

1.c4 g6 2.Nc3 Bg7 3.g3 e5 4.Bg2 d6 5.Nf3 Nf6 6.O-O O-O 7.d3 Re8 8.Nd2 c6
9.Rb1 a5 10.a3 Be6 11.Nde4 Nxe4 12.Nxe4 h6 13.b4 f5 14.Nc3 axb4 15.Rxb4 Re7
16.Qb3 Na6 17.Qb1 Nxb4 18.axb4 e4 19.Qc2 d5 20.c5 g5 21.Na4 Rf7 22.Nb6 Ra1
23.e3 exd3 24.Qxd3 Qf6 25.Bd2 Qb2 26.Rxa1 Qxa1+ 27.Bf1 Be5 28.Kg2 h5 29.f4 Bf6
30.fxg5 Bxg5 31.Bc3 Qa2+ 32.Be2 h4 33.Kg1 hxg3 34.hxg3 Bf6 35.Kf2 Qa3 36.Bxf6 Qxd3
37.Bxd3 Rxf6 38.b5 Kf7 39.bxc6 bxc6 40.Ba6 Ke7 41.Bb7 Bd7 42.Ba6 Rh6 43.Kg2 Kd8
44.Na4 Re6 45.Kf3 Re4 46.Nc3 Rb4 47.Ne2 Ra4 48.Bd3 Ra3 49.Bc2 Ra5 50.Nd4 Rxc5
51.Bxf5 Bxf5 52.Nxf5 Rc1 53.Kf4 Kd7 54.g4 Rc4+ 55.Kf3 Ke6 56.Nd4+ Kf6 57.Kg3 c5
58.Ne2 Kg5 59.Nf4 d4 60.Nh3+ Kf6 61.exd4 Rc3+  0-1

[Event "Caorle op"]
[Site "Caorle"]
[Date "1989.??.??"]
[Round "6"]
[White "Yermolinsky, Alex"]
[Black "Sulava, Nenad"]
[Result "1-0"]
[WhiteElo "2480"]
[BlackElo "2390"]

1.d4 d5 2.Nf3 Nf6 3.c4 dxc4 4.Nc3 e6 5.e4 Bb4 6.Bg5 c5 7.Bxc4 cxd4 8.Nxd4 Bxc3+
9.bxc3 Qa5 10.Bb5+ Bd7 11.Bxf6 gxf6 12.Qb3 a6 13.Be2 Nc6 14.O-O Qc7 15.Qa3 Rc8
16.Rfd1 Rg8 17.Rab1 Nd8 18.c4 Bc6 19.Bf3 Bd7 20.Qe3 Nc6 21.g3 Rg6 22.Nf5 Kf8
23.Nd6 Rb8 24.Bh5 Rg5 25.Bxf7 Ne5 26.h4 Rg7 27.Qa3 Ba4 28.Qxa4 Nxf7 29.Rxb7  1-0

[Event "Imperia op"]
[Site "Imperia"]
[Date "1989.??.??"]
[Round "2"]
[White "Yermolinsky, Alex"]
[Black "Lanzani, Mario"]
[Result "1/2-1/2"]
[WhiteElo "2480"]
[BlackElo "2320"]

1.d4 Nf6 2.Nf3 e6 3.Bg5 c5 4.e3 Be7 5.Nbd2 cxd4 6.exd4 b6 7.Bd3 Bb7 8.O-O O-O
9.Re1 Nd5 10.Bxe7 Qxe7 11.Be4 d6 12.c4 Nf6 13.d5 Nxe4 14.Nxe4 e5 15.b4 Nd7
16.Rc1 Rfc8 17.Qb3 Rab8 18.Qe3 h6 19.Ng3 b5 20.cxb5 Nb6 21.Nd4 Nxd5 22.Ndf5 Qd7
23.Qf3  1/2-1/2

[Event "Imperia op"]
[Site "Imperia"]
[Date "1989.??.??"]
[Round "4"]
[White "Zaja, Ivan"]
[Black "Yermolinsky, Alex"]
[Result "0-1"]
[WhiteElo "2365"]
[BlackElo "2480"]

1.d4 Nf6 2.c4 g6 3.Nc3 Bg7 4.e4 d6 5.f3 O-O 6.Be3 c5 7.dxc5 dxc5 8.Qxd8 Rxd8
9.Bxc5 Nc6 10.Nge2 Nd7 11.Ba3 Nde5 12.Nf4 e6 13.Rd1 Rxd1+ 14.Nxd1 b6 15.b3 a5
16.Bd6 a4 17.b4 Bf8 18.Bxf8 Kxf8 19.b5 Na5 20.c5 bxc5 21.Nc3 a3 22.Nd3 Nxd3+
23.Bxd3 e5 24.Kf2 Be6 25.Rc1 Rb8 26.Nb1 c4 27.Be2 Rxb5 28.Nxa3 Rb2 29.Rc2 Rxc2
30.Nxc2 c3 31.Ke3 Bxa2 32.Bb5 Bb1 33.Kd3 Nb3 34.Kxc3 Bxc2 35.Ba4 Bxe4 36.Bxb3 Bc6
37.Kd2 h5 38.Ke3 f5 39.g3 g5 40.Be6 f4+ 41.gxf4 exf4+ 42.Kf2 Ke7 43.Bc4 Bd7
44.Bd3 Kf6 45.Bf1 g4 46.fxg4 hxg4 47.Bd3 Bc6 48.Bc4 Be4 49.Be2 Kg5 50.Bc4 Bf5
51.Bd5 Kh4 52.Bg2 Be6 53.Bf1 f3 54.h3 g3+ 55.Kxf3 Bd7 56.Ke3 Bxh3 57.Bc4 Bd7
58.Bf1 Bc6 59.Kf4 Bb7 60.Ke3 Kg4 61.Kd2 Kf3 62.Ke1 Bc8 63.Bc4 Kg2 64.Bd5+ Kh2  0-1

[Event "Imperia op"]
[Site "Imperia"]
[Date "1989.??.??"]
[Round "7"]
[White "Mrdja, Milan"]
[Black "Yermolinsky, Alex"]
[Result "1/2-1/2"]
[WhiteElo "2405"]
[BlackElo "2480"]

1.e4 c5 2.Nf3 d6 3.d4 cxd4 4.Nxd4 Nf6 5.Nc3 Nc6 6.Bg5 e6 7.Qd2 a6 8.f3 Be7
9.h4 Nxd4 10.Qxd4 b5 11.O-O-O Bb7 12.g4 Rc8 13.Kb1 O-O 14.Be3 Nd7 15.g5 Ne5
16.Rh3 Nc4 17.Bc1 Qa5 18.f4 Rc7 19.f5 Rfc8 20.f6 Bf8 21.Bd3 b4 22.Ne2 Qe5
23.Qxe5 Nxe5 24.Nf4 a5 25.b3 a4 26.Bb2 Nxd3 27.cxd3 a3 28.fxg7 Bxg7 29.Bxg7 Kxg7
30.Rh2 Ba6 31.Rhd2 Rc5 32.Nh5+ Kf8 33.Nf6 Ke7 34.Ng4 d5 35.d4 Rc3 36.exd5 exd5
37.Ne5 R8c7 38.Rf2 Kf8 39.h5 Kg8 40.h6 Bc8 41.Nd3 Bg4 42.Re1 Rc8 43.Nxb4 Bh5
44.Rff1 Bg6+ 45.Ka1 Be4 46.Rg1 Rh3 47.Na6 Rc2 48.Rc1 Rxc1+ 49.Rxc1 f6 50.gxf6 Rxh6
51.Nc5 Rxf6 52.Nxe4 dxe4 53.Re1 Rf2 54.Kb1 Rb2+ 55.Ka1 h5 56.Rxe4 Rh2 57.Kb1 h4
58.d5 h3 59.d6 Rh1+ 60.Kc2 h2 61.d7 Rc1+ 62.Kd2 Rd1+ 63.Kxd1 h1=Q+ 64.Kd2 Qh2+
65.Ke1 Qg3+ 66.Ke2 Qg2+ 67.Kd1 Qh1+ 68.Kd2 Qh6+ 69.Ke2 Qh2+ 70.Ke1 Qg1+ 71.Ke2 Qg2+
72.Kd1 Qf3+ 73.Kd2  1/2-1/2

[Event "Manhattan CC"]
[Site "New York"]
[Date "1989.??.??"]
[Round "?"]
[White "Yermolinsky, Alex"]
[Black "Ginsburg, Mark"]
[Result "1-0"]
[WhiteElo "2480"]
[BlackElo "2405"]

1.d4 Nf6 2.Nf3 d6 3.Nc3 g6 4.e4 Bg7 5.Be2 O-O 6.O-O Nc6 7.d5 Nb8 8.a4 c6
9.Re1 Bd7 10.a5 Na6 11.dxc6 Bxc6 12.e5 dxe5 13.Nxe5 Qxd1 14.Bxd1 e6 15.Nxc6 bxc6
16.Na4 Nb4 17.Nc5 Rfd8 18.c3 Nbd5 19.Ba4 Rac8 20.Bg5 h6 21.Bh4 Bf8 22.Nb7 Rd7
23.a6 g5 24.Bg3 Nb6 25.Red1 Rxd1+ 26.Bxd1 Ne4 27.Bf3 Nxg3 28.hxg3 f5 29.g4 Nc4
30.Re1 h5 31.gxh5 Nxb2 32.Rxe6 Kf7 33.Rg6  1-0

[Event "Philadelphia op2"]
[Site "Philadelphia"]
[Date "1990.??.??"]
[Round "?"]
[White "Yermolinsky, Alex"]
[Black "Wolff, Patrick G"]
[Result "1-0"]
[WhiteElo "2535"]
[BlackElo "2500"]

1.e4 c5 2.Nf3 e6 3.d3 d6 4.g3 b6 5.Bg2 Bb7 6.O-O Nf6 7.Nbd2 Be7 8.Re1 O-O
9.c3 Nbd7 10.a3 Qc7 11.h3 Rac8 12.b4 cxb4 13.axb4 Qxc3 14.Rxa7 Qc7 15.Bb2 Ra8
16.Rxa8 Rxa8 17.Qb3 Qd8 18.Nd4 d5 19.exd5 Bxd5 20.Bxd5 Nxd5 21.Rxe6 Nxb4
22.Nf5 Bf8 23.Re4 Qg5 24.Rf4 Qg6 25.Bxg7 Qe6 26.Nh6+  1-0

[Event "World op"]
[Site "Philadelphia"]
[Date "1990.??.??"]
[Round "1"]
[White "Yermolinsky, Alex"]
[Black "Fang, Joseph"]
[Result "1-0"]
[WhiteElo "2535"]
[BlackElo "2295"]

1.d4 d5 2.c4 e6 3.Nf3 c5 4.cxd5 exd5 5.g3 Nc6 6.Bg2 Nf6 7.O-O Be7 8.Nc3 O-O
9.dxc5 Bxc5 10.Na4 Be7 11.Be3 Re8 12.Rc1 Ne4 13.Nd4 Qa5 14.a3 Bd7 15.Nc3 Nxc3
16.Rxc3 Bd6 17.b4 Qd8 18.Rc4 Nxd4 19.Bxd4 Be6 20.Qa1 Be7 21.Rc2 Bf8 22.Rfc1 Bf5
23.Rc7 Rxe2 24.Rxb7 Be4 25.Bf1 Rc2 26.Rxc2 Bxc2 27.Rxa7 Be4 28.Rxa8 Qxa8
29.Qc3 g6 30.Bb5 Qb7 31.Qc6 Qe7 32.Qf6 Qxf6 33.Bxf6 Bd6 34.Kf1 Bc7 35.Ke2 Bb6
36.a4 d4 37.a5 Ba7 38.Bd3  1-0

[Event "World op"]
[Site "Philadelphia"]
[Date "1990.??.??"]
[Round "2"]
[White "Fang, Joseph"]
[Black "Yermolinsky, Alex"]
[Result "0-1"]
[WhiteElo "2295"]
[BlackElo "2535"]

1.d4 Nf6 2.c4 g6 3.Nc3 d5 4.Nf3 Bg7 5.Bg5 Ne4 6.cxd5 Nxg5 7.Nxg5 e6 8.Qd2 exd5
9.Qe3+ Kf8 10.Qf4 Bf6 11.h4 h6 12.Nf3 Kg7 13.O-O-O Be6 14.e3 Nd7 15.Bd3 c6
16.g4 Qb8 17.Rdg1 Be7 18.Qxb8 Raxb8 19.Ne2 Bd6 20.Nf4 c5 21.Bb5 Nf6 22.Ne5 cxd4
23.exd4 Bxe5 24.dxe5 Ne4 25.Rg2 Rbc8+ 26.Kb1 Nd2+ 27.Ka1 Nf3 28.a3 Rc5 29.Ba4 Rc4
30.Nxe6+ fxe6 31.Bb3 Re4 32.h5 g5 33.Rc1 Rf8 34.Rg3 Nxe5 35.Rc7+ Rf7 36.Rxf7+ Kxf7
37.Rc3 Nc6 38.f3 Re1+ 39.Ka2 Ke7 40.Ba4 Kd6 41.Rb3 Kc7 42.Rc3 e5 43.Rd3 d4
44.Bc2 Re2 45.Bb1 Ne7 46.Rb3 Nd5 47.Ka1 b6 48.Be4 Nf6 49.Ba8 Kd6 50.Bb7 Nd7  0-1

[Event "World op"]
[Site "Philadelphia"]
[Date "1990.??.??"]
[Round "3"]
[White "Yermolinsky, Alex"]
[Black "Janjgava, Lasha"]
[Result "1-0"]
[WhiteElo "2535"]
[BlackElo "2455"]

1.e4 c5 2.Nf3 d6 3.Nc3 Nf6 4.d4 cxd4 5.Nxd4 a6 6.Be2 e5 7.Nb3 Be7 8.O-O O-O
9.Be3 Be6 10.Qd2 b5 11.a4 b4 12.Nd5 Nxe4 13.Nxe7+ Qxe7 14.Qxb4 f5 15.Na5 Rc8
16.Bf3 Nd7 17.Bxe4 fxe4 18.Rfd1 Nc5 19.Nc4 Rab8 20.Nb6 Qc7 21.a5 d5 22.Qa3 d4
23.Nxc8 Rxc8 24.Bg5 Bd5 25.Qg3 e3 26.f3 Ne6 27.c3 Bb3 28.Re1 Qc5 29.h4 Bc2
30.Rac1 Nxg5 31.Qxg5 d3 32.Qf5 e2+ 33.Kh2 Qc4 34.Kg1 Rf8 35.Qg5 Qf4 36.Kf2 Bb3
37.Ra1 h6 38.Qxf4 exf4 39.Rh1 Bc4 40.Ke1 Rb8 41.b4 h5 42.Kd2 Re8 43.Rhg1 Re3
44.Rab1 Re5 45.g3 Re3 46.gxf4 Rxf3 47.Rg5 Rxf4 48.Rxh5 Kf8 49.Re1  1-0

[Event "World op"]
[Site "Philadelphia"]
[Date "1990.??.??"]
[Round "6"]
[White "Efimov, Igor"]
[Black "Yermolinsky, Alex"]
[Result "0-1"]
[WhiteElo "2400"]
[BlackElo "2535"]

1.e4 c5 2.Nf3 d6 3.d4 cxd4 4.Nxd4 Nf6 5.Nc3 Nc6 6.Be2 e5 7.Nb3 Be7 8.f4 O-O
9.O-O a5 10.a4 Nb4 11.Bf3 Be6 12.Kh1 Qb6 13.f5 Bc4 14.Be2 d5 15.exd5 Bxd5
16.Nxd5 Nbxd5 17.Nd2 Rfd8 18.Nc4 Qc7 19.Qe1 Nb4 20.Qc3 Rd4 21.b3 Ne4 22.Qb2 Nd5
23.Na3 Bxa3 24.Rxa3 Nec3 25.Bc4 Nd1 26.Qa1 N5e3 27.Bxe3 Nxe3 28.Rc1 Rad8
29.Bd3 e4  0-1

[Event "World op"]
[Site "Philadelphia"]
[Date "1990.??.??"]
[Round "7"]
[White "Yermolinsky, Alex"]
[Black "Hellers, Ferdinand"]
[Result "1/2-1/2"]
[WhiteElo "2535"]
[BlackElo "2525"]

1.d4 Nf6 2.Nf3 e6 3.Bg5 c5 4.e3 Be7 5.Bd3 cxd4 6.exd4 b6 7.O-O Bb7 8.c4 O-O
9.Qe2 Bxf3 10.Qxf3 Nc6 11.Be3 Nb4 12.Qe2 Nxd3 13.Qxd3 d5 14.b3 Rc8 15.Nd2  1/2-1/2

[Event "World op"]
[Site "Philadelphia"]
[Date "1990.??.??"]
[Round "8"]
[White "Lein, Anatoly"]
[Black "Yermolinsky, Alex"]
[Result "1/2-1/2"]
[WhiteElo "2485"]
[BlackElo "2535"]

1.e4 c5 2.Nf3 d6 3.d4 cxd4 4.Qxd4 Nc6 5.Bb5 Bd7 6.Bxc6 Bxc6 7.Nc3 Nf6 8.Bg5 e6
9.O-O-O Be7 10.Rhe1 O-O 11.Qd2 Qc7 12.Nd4 Rfc8 13.f3 b5 14.Nxc6 Qxc6 15.Kb1 b4
16.Ne2 a5 17.Rc1 Qb5 18.h4 Rc4 19.c3 Rb8 20.cxb4 Rxb4 21.Rc2 Qb7 22.Nd4 Rb6
23.Rec1 Bf8 24.Nc6 Ra8 25.Be3 Rba6 26.g4 Nd7 27.g5 Nc5 28.Bxc5 Rxc6 29.Bd4 Rxc2
30.Qxc2 d5 31.Qc6 Qxc6 32.Rxc6 dxe4 33.fxe4 h6 34.gxh6 gxh6  1/2-1/2

[Event "Washington op"]
[Site "Washington"]
[Date "1990.??.??"]
[Round "?"]
[White "Yermolinsky, Alex"]
[Black "Thomas, Ian"]
[Result "1-0"]
[WhiteElo "2535"]
[BlackElo "2345"]

1.d4 Nf6 2.c4 d6 3.Nf3 Nbd7 4.Nc3 e5 5.e4 Be7 6.Be2 O-O 7.O-O c6 8.Re1 b6
9.Be3 Bb7 10.d5 cxd5 11.cxd5 Nc5 12.Nd2 a5 13.a3 Ba6 14.b4 Bxe2 15.Qxe2 Ncd7
16.Nc4 Rc8 17.Rec1 Ng4 18.Nxa5 bxa5 19.Qxg4 Nb6 20.Bh6 Bf6 21.Nb5 Rxc1+ 22.Bxc1 Qb8
23.Qe2 Rc8 24.bxa5 Nc4 25.a4 Nxa5 26.Ba3 Nc4 27.g3 h6 28.Bb4 Bg5 29.h4 Be7
30.Rc1 Nb6 31.Rxc8+ Nxc8 32.a5 Qb7 33.Qc4 Na7 34.Nxd6 Qd7 35.Nf5  1-0

[Event "Washington op"]
[Site "Washington"]
[Date "1990.??.??"]
[Round "?"]
[White "Yermolinsky, Alex"]
[Black "Meyer, E."]
[Result "1-0"]
[WhiteElo "2535"]
[BlackElo "2500"]

1.d4 Nf6 2.c4 g6 3.Nc3 Bg7 4.e4 d6 5.Nf3 O-O 6.Be2 Bg4 7.Be3 Nfd7 8.h4 h5
9.Qd2 Nc6 10.d5 Nce5 11.Nxe5 Nxe5 12.f3 Bd7 13.g4 Kh7 14.O-O-O c6 15.gxh5 gxh5
16.Rdg1 f6 17.Rg3 Rg8 18.Rhg1 Qf8 19.Kb1 Qf7 20.f4 Ng4 21.Bxg4 Bxg4 22.f5 a6
23.Nd1 b5 24.Nf2 bxc4 25.Nxg4 hxg4 26.Rxg4 Bh6  1-0

[Event "Washington op"]
[Site "Washington"]
[Date "1990.??.??"]
[Round "?"]
[White "Markzon, Gregory"]
[Black "Yermolinsky, Alex"]
[Result "1/2-1/2"]
[WhiteElo "2215"]
[BlackElo "2535"]

1.e4 c5 2.Nf3 d6 3.d4 cxd4 4.Nxd4 Nf6 5.Nc3 Nc6 6.Bg5 e6 7.Qd2 a6 8.O-O-O Bd7
9.f4 b5 10.Bxf6 gxf6 11.Nxc6 Bxc6 12.Qe3 Qe7 13.Bd3 Qa7 14.Qh3 h5 15.Kb1 Qc5
16.Rhe1 O-O-O 17.f5 Qe5 18.Ne2 Kb8 19.Nc1 Rc8 20.Nb3 Be7 21.Qe3 Bd8 22.c4 Kb7
23.cxb5 axb5 24.Qd2 Bb6 25.Qe2 Rc7 26.Nd2 h4 27.Nf3 Qc5 28.Rc1 Qb4 29.Rc3 Ra8
30.Rb3 Qa4 31.Ra3 Qb4 32.Rb3 Qa4 33.Ra3 Qb4  1/2-1/2

[Event "Washington op"]
[Site "Washington"]
[Date "1990.??.??"]
[Round "?"]
[White "Ivanov, Alexander"]
[Black "Yermolinsky, Alex"]
[Result "1-0"]
[WhiteElo "2520"]
[BlackElo "2535"]

1.e4 c5 2.Nf3 d6 3.d4 cxd4 4.Nxd4 Nf6 5.Nc3 Nc6 6.Bg5 e6 7.Qd2 a6 8.O-O-O h6
9.Bf4 Bd7 10.Nxc6 Bxc6 11.f3 d5 12.Qe1 Bb4 13.a3 Ba5 14.Bd2 Qe7 15.e5 Nd7
16.Kb1 Bc7 17.f4 Nc5 18.Be3 O-O-O 19.Bd4 f6 20.g3 fxe5 21.fxe5 Rhf8 22.Bg2 Nd7
23.h4 Nb6 24.Ne2 g5 25.hxg5 hxg5 26.Nc1 Nc4 27.Nd3 Rh8 28.Qf2 Rhf8 29.Qe2 Bb6
30.Bxb6 Nxb6 31.Rh6 Nc4 32.Bh3 Bd7 33.Bg4 Kb8 34.Rdh1 Rc8 35.Qe1 a5 36.Rh7 Qd8
37.Ka2 d4 38.Rg7 Ne3 39.Rhh7 Bc6 40.Bxe6 Bd5+ 41.Kb1 Be4 42.Bxc8 Qxc8 43.Rc7 Qe8  1-0

[Event "National op"]
[Site "Chicago"]
[Date "1991.??.??"]
[Round "3"]
[White "Yermolinsky, Alex"]
[Black "Masculo, Jose"]
[Result "1-0"]
[WhiteElo "2565"]
[BlackElo "2270"]

1.d4 Nf6 2.c4 c5 3.d5 g6 4.Nc3 Bg7 5.e4 d6 6.Bd3 O-O 7.h3 e6 8.Nf3 Na6 9.O-O Nc7
10.Re1 Re8 11.a4 Na6 12.dxe6 Rxe6 13.Bf4 Nb4 14.Qd2 b6 15.Rad1 Nxd3 16.Qxd3 Bb7
17.e5 Nd7 18.exd6 Qf6 19.Bg5 Qf5 20.Qxf5 gxf5 21.Nh4 Rae8 22.Be7 f4 23.Nf5 Rg6
24.Nd5 Bxb2 25.Nxf4  1-0

[Event "National op"]
[Site "Chicago"]
[Date "1991.??.??"]
[Round "5"]
[White "Yermolinsky, Alex"]
[Black "Burnett, Ronald"]
[Result "1-0"]
[WhiteElo "2565"]
[BlackElo "2325"]

1.Nf3 c5 2.c4 g6 3.d4 cxd4 4.Nxd4 Bg7 5.g3 Qb6 6.Nb5 a6 7.N5c3 Qc6 8.e4 Nf6
9.Bg2 Qxc4 10.e5 Qe6 11.Qe2 Ng4 12.Nd5 Bxe5 13.f4 Bd6 14.Qxe6 fxe6 15.Nb6 Nc6
16.Nxa8 Bc5 17.Nc3 b5 18.Ne4 Bd4 19.h3 Nh6 20.Ke2 Bb7 21.Nc7+ Kd8 22.Nxe6+ dxe6
23.Rd1 Nf5 24.g4 Nh4 25.Bh1 Kc8 26.Be3 Bxb2 27.Rab1 Bg7 28.Nc5  1-0

[Event "USA-op Los Angeles"]
[Site "Los Angeles"]
[Date "1991.??.??"]
[Round "?"]
[White "Yermolinsky, Alex"]
[Black "Gulko, Boris F"]
[Result "1-0"]
[WhiteElo "2575"]
[BlackElo "2565"]

1.d4 Nf6 2.c4 e6 3.Nf3 d5 4.Bg5 Bb4+ 5.Nc3 Nbd7 6.cxd5 exd5 7.e3 c5 8.Bb5 Qa5
9.Bxd7+ Nxd7 10.O-O Bxc3 11.bxc3 c4 12.Qc2 O-O 13.a4 Re8 14.Rfb1 Qa6 15.a5 Qe6
16.Bh4 Nb8 17.Rb5 Nc6 18.Qb1 f6 19.Bg3 Nd8 20.Bc7 Bd7 21.Rb2 Bc6 22.Bxd8 Raxd8
23.Qa2 Qd6 24.Qa3 Qxa3 25.Rxa3 Kf7 26.Ra1 Ke6 27.Nd2 Re7 28.f3 Kd6 29.Kf2 Rde8
30.Re1 g5 31.Nf1 f5 32.Ng3 Rf7 33.f4 h6 34.h3 Kc7 35.Nf1 Rg7 36.g3 Rd8 37.Kg2 Re8
38.Rf2 Bd7 39.Nd2 Rge7 40.Rfe2 g4 41.hxg4 fxg4 42.Kf2 Bf5 43.Rh1 Re6 44.Rh5 Bd3
45.Re1 Kc6 46.e4 Bxe4 47.Nxe4 Rxe4 48.Rxe4 Rxe4 49.Rxh6+ Kb5 50.Rd6 Kxa5
51.Rxd5+ Kb6 52.f5 a5 53.f6 Re8 54.Re5 Rf8 55.Re6+ Kb5 56.Ke3 a4 57.Kf4 a3
58.Kf5 a2 59.Re1 Ka4 60.d5 Rd8 61.f7 Rxd5+ 62.Kxg4 Rd8 63.Re8 a1=Q 64.Rxd8  1-0

[Event "USA-op Los Angeles"]
[Site "Los Angeles"]
[Date "1991.??.??"]
[Round "?"]
[White "Yermolinsky, Alex"]
[Black "Shahade, Michael"]
[Result "1-0"]
[WhiteElo "2575"]
[BlackElo "2310"]

1.d4 Nf6 2.c4 e6 3.Nc3 Bb4 4.Bg5 h6 5.Bh4 c5 6.d5 d6 7.e3 Bxc3+ 8.bxc3 e5
9.f3 Qe7 10.Qb1 Nbd7 11.Bd3 e4 12.Bxe4 g5 13.Bg3 Nxe4 14.Qxe4 Qxe4 15.fxe4 Ke7
16.Nf3 f6 17.h4 g4 18.Nd2 Ne5 19.h5 b6 20.Kf2 Ba6 21.Bxe5 fxe5 22.a4 Bc8
23.a5 bxa5 24.Rhb1 Kf6 25.Nf1 Kg5 26.Ng3 Kh4 27.Rh1+ Kg5 28.Rxa5 Rh7 29.Kg1 Rb8
30.Kh2 Rf7 31.Rb5 Ra8 32.Ra1 Rf6 33.Raa5 Rf8 34.Rb6 Rd8 35.Rc6 a6 36.Rb6 Ra7
37.Rb8 Rb7 38.Ra8 Rbd7 39.Ra2 Bb7 40.Rxd8 Rxd8 41.Rb2 Bc8 42.Rb8 a5 43.Ra8 a4
44.Rxa4 Bd7 45.Ra7 Kh4 46.Ra6 Bc8 47.Ra8  1-0

[Event "USA-op Los Angeles"]
[Site "Los Angeles"]
[Date "1991.??.??"]
[Round "?"]
[White "Yermolinsky, Alex"]
[Black "Ivanov, Alexander"]
[Result "1-0"]
[WhiteElo "2575"]
[BlackElo "2565"]

1.Nf3 Nf6 2.c4 b6 3.Nc3 Bb7 4.d4 e6 5.a3 d5 6.cxd5 exd5 7.g3 c5 8.Bg2 Be7
9.O-O O-O 10.Bf4 Nc6 11.Qd3 cxd4 12.Nb5 Ba6 13.a4 Bc5 14.Ne5 Nb4 15.Qb3 Qe7
16.Nd3 Qxe2 17.Nxb4 Bxb5 18.axb5 Qxb5 19.Bd2 Ne4 20.Be1 Rfd8 21.Qd3 Qxd3
22.Nxd3 Be7 23.Bb4 Bf6 24.Nf4  1-0